1876. La dictadura Democrática. Una decisión política del constitucionalismo liberal centroamericano en el siglo XIX /
Guardado en:
| Hovedforfatter: | |
|---|---|
| Format: | Texto |
| Tags: |
Tilføj Tag
Ingen Tags, Vær først til at tagge denne postø!
|
MARC
| LEADER | 00000 a a2200000 04500 | ||
|---|---|---|---|
| 001 | 45386 | ||
| 003 | |||
| 040 | |||
| 090 | |a REV0780 (3)1977 | ||
| 100 | |a García Laguardia, Jorge Mario | ||
| 245 | |a 1876. La dictadura Democrática. Una decisión política del constitucionalismo liberal centroamericano en el siglo XIX / |c Jorge Mario García Laguardia | ||
| 773 | |g número3, II Epoca (Enero - Junio, 1977), páginas 15-27 | ||
| 999 | |c 19754 |d 19754 | ||
